Anno regni Georgii II. Regis Magnae, Britaniae, Franciae, et Hiberniae, trigesimo-primo : at a session begun at Elizabeth-Town, and from thence continued by adjournment to Burlington, and thence to Trenton, where it concluded October 22, 1757. When the following laws was passed.

Bibliographic Details
Corporate Author: New Jersey
Format: eBook
Language:English
Series:Early American imprints. Evans (1639-1800) ; no. 7968.
Online Access:Evans Digital Edition

MARC

Tag First Indicator Second Indicator Subfields
LEADER 00000cam a22000001a 4500
001 in00002148024
006 m e d #
007 cr mn mmmmabba
008 870904s1757 pau sl s000 0 eng d
005 20260331160718.1
035 |z w025916 
035 |a MAAR8709041307B 
035 |9 mwa91-35010 
035 |a 324448 
035 |a aas03025916 
040 |a MWA  |c MWA  |e bdrb  |d UtOrBLW 
110 1 |a New Jersey. 
240 1 0 |a Laws, etc. (Session laws : 1757 Oct.) 
245 1 0 |a Anno regni Georgii II. Regis Magnae, Britaniae, Franciae, et Hiberniae, trigesimo-primo :  |b at a session begun at Elizabeth-Town, and from thence continued by adjournment to Burlington, and thence to Trenton, where it concluded October 22, 1757. When the following laws was passed. 
264 3 |a Philadelphia :  |b Printed by W. Bradford, printer to the King's Most Excellent Majesty for the province of New-Jersey,  |c [1757] 
300 |a 30 pages ;  |c (folio) 
336 |a text  |b txt  |2 rdacontent 
337 |a computer  |b c  |2 rdamedia 
338 |a online resource  |b cr  |2 rdacarrier 
500 |a Title vignette: royal arms. 
510 4 |a Evans  |c 7968 
510 4 |a Hildeburn, C.R. Pennsylvania,  |c 1546 
530 |a Microform version available in the Readex Early American Imprints series. 
533 |a Electronic text and image data.  |b [Chester, Vt. :  |c Readex, a division of Newsbank, Inc.,  |d 2002-2004.  |e Includes files in TIFF, GIF and PDF formats with inclusion of keyword searchable text.  |f (Early American imprints. First series ; no. 7968). 
500 |a Electronic resource. 
752 |a United States  |b Pennsylvania  |d Philadelphia. 
830 0 |a Early American imprints.  |n Series I,  |p Evans (1639-1800) ;  |v no. 7968. 
856 4 1 |u http://proxy.library.tamu.edu/login?url=https://opac.newsbank.com/select/evans/7968  |y Evans Digital Edition  |t 0 
999 |a MARS 
999 f f |s 0ca66c7d-6146-30bc-995f-5a15dad558c4  |i ec7c78af-b63b-3ab1-911b-b2f409238d33  |t 0 
952 f f |a Texas A&M University  |b College Station  |c Electronic Resources  |s www_evans  |d Available Online  |t 0  |h No information provided 
998 f f |t 0  |l Available Online